[Event "8th Africa-ch (w)"]
[Site "Windhoek NAM"]
[Date "2014.12.19"]
[Round "6.5"]
[White "Frick, Denise"]
[Black "Mentile, Lishen"]
[Result "1-0"]
[WhiteElo "1913"]
[BlackElo "1418"]
[EventDate "2014.12.13"]
[PlyCount "74"]

1.e4 d5 2.exd5 Qxd5 3.Nc3 Qd6 4.Nf3 Bg4 5.Be2 Nf6 6.O-O e6 7.d4 Nbd7 8.Re1
c6 9.Be3 Be7 10.Qd2 O-O 11.a3 Nb6 12.Bf4 Qd8 13.Rad1 Bd6 14.Bg5 h6 15.Bh4 
Be7 16.Ne5 Bxe2 17.Qxe2 Nfd5 18.Bxe7 Qxe7 19.Ne4 Nd7 20.c4 N5b6 21.Rd2 
Rad8 22.Red1 Nxe5 23.dxe5 Rxd2 24.Rxd2 Nd7 25.Nd6 b6 26.h3 f6 27.exf6 Nxf6
28.Nf5 Qf7 29.Nd4 c5 30.Nc6 Re8 31.Ne5 Qc7 32.Rd3 Kh7 33.f4 Rd8 34.g4 Nd7 
35.Qd1 Nxe5 36.Rxd8 Nc6 37.Qd6 Qxd6 1-0

[Event "8th Africa-ch (w)"]
[Site "Windhoek NAM"]
[Date "2014.12.20"]
[Round "7.1"]
[White "Frick, Denise"]
[Black "Shroohk, Wafa"]
[Result "0-1"]
[WhiteElo "1913"]
[BlackElo "2061"]
[EventDate "2014.12.13"]
[PlyCount "76"]

1.e4 c5 2.Nf3 d6 3.d4 cxd4 4.Nxd4 Nf6 5.Nc3 g6 6.Be3 Bg7 7.f3 O-O 8.Qd2 
Nc6 9.g4 Bd7 10.h4 Rc8 11.h5 Ne5 12.Bh6 Bxh6 13.Qxh6 Qa5 14.Qd2 Be6 15.
hxg6 fxg6 16.Be2 Bc4 17.O-O Bxe2 18.Ndxe2 Nc4 19.Qd4 e5 20.Qd3 Qb6+ 21.Kh2
Nxb2 22.Qd2 Nc4 23.Qd3 Qe3 24.Kg3 h5 25.gxh5 Nxh5+ 26.Kh2 Qxd3 27.cxd3 Nd2
28.Rf2 Nxf3+ 29.Kh1 Nh4 30.Rh2 Rxc3 31.Nxc3 Ng3+ 32.Kg1 Nf3+ 33.Kg2 Nxh2 
34.Kxg3 Nf1+ 35.Kg4 Ne3+ 36.Kg5 Kg7 37.Re1 Rf3 38.Rg1 Rh3 0-1

[Event "8th Africa-ch (w)"]
[Site "Windhoek NAM"]
[Date "2014.12.20"]
[Round "7.2"]
[White "Du Toit, Sune"]
[Black "Rosalina, Sonia"]
[Result "0-1"]
[WhiteElo "1689"]
[BlackElo "1769"]
[EventDate "2014.12.13"]
[PlyCount "70"]

1.e4 c5 2.Nf3 e6 3.d4 cxd4 4.Nxd4 Nc6 5.c4 Nf6 6.Nc3 a6 7.Be2 d6 8.O-O Be7
9.Be3 O-O 10.f4 Qc7 11.Rc1 Rd8 12.b3 Bd7 13.Nf3 Be8 14.h3 h6 15.g4 Nd7 16.
Qe1 Qa5 17.Qf2 Nb4 18.Na4 Nc5 19.Nxc5 dxc5 20.Ne5 f6 21.Nf3 Nd3 22.Bxd3 
Rxd3 23.g5 h5 24.gxf6 gxf6 25.Kh1 Kh7 26.Rg1 Bf7 27.e5 f5 28.Bxc5 Rxf3 29.
Qxf3 Qxc5 30.Qxb7 Qe3 31.Qg2 Rg8 32.Qh2 Qf3+ 33.Rg2 Be8 34.Rc2 Bc6 35.Rf2 
Qxf2 0-1

[Event "8th Africa-ch (w)"]
[Site "Windhoek NAM"]
[Date "2014.12.20"]
[Round "7.3"]
[White "Fisher, Michelle"]
[Black "Solomons, Anzel"]
[Result "1/2-1/2"]
[WhiteElo "1651"]
[BlackElo "1858"]
[EventDate "2014.12.13"]
[PlyCount "60"]

1.e4 e5 2.Nf3 d6 3.d4 Nd7 4.Bc4 c6 5.O-O Be7 6.dxe5 dxe5 7.Nc3 Ngf6 8.Bg5 
O-O 9.Qe2 Qc7 10.Rad1 b5 11.Bb3 Nc5 12.Rd2 a6 13.Bxf6 Bxf6 14.Qe3 Qe7 15.
a3 Nxb3 16.cxb3 b4 17.Nb1 Rb8 18.Rc1 bxa3 19.bxa3 Be6 20.Rb2 Rfc8 21.Qc3 
Qc7 22.Nbd2 Be7 23.Ra1 Bd6 24.Nc4 Bxc4 25.Qxc4 Qe7 26.Qa4 Qc7 27.Qc4 Qe7 
28.Qa4 Qc7 29.Qc4 Qe7 30.Qa4 Qc7 1/2-1/2

[Event "8th Africa-ch (w)"]
[Site "Windhoek NAM"]
[Date "2014.12.20"]
[Round "7.6"]
[White "Mentile, Lishen"]
[Black "Rabiu, Olabisi"]
[Result "1-0"]
[WhiteElo "1418"]
[BlackElo "1489"]
[EventDate "2014.12.13"]
[PlyCount "215"]

1.e4 e5 2.Nf3 Nc6 3.Bc4 Bc5 4.O-O d6 5.c3 Bg4 6.h3 Bh5 7.Be2 Nf6 8.d4 exd4
9.cxd4 Bxf3 10.Bxf3 Nxd4 11.Bg5 Nxf3+ 12.Qxf3 Bd4 13.Qd3 Bb6 14.Nc3 Qd7 
15.Bxf6 gxf6 16.Nd5 O-O-O 17.Nxf6 Qe6 18.Nd5 Rhg8 19.Rac1 Rg7 20.Qc3 Rxg2+
21.Kxg2 Qxe4+ 22.Kh2 Qxd5 23.a4 c6 24.Qg7 Qf5 25.Qg4 Qxg4 26.hxg4 Rg8 27.
Kh3 Rg6 28.Rce1 Kd7 29.Re4 d5 30.Re2 Bc7 31.Rh1 Bf4 32.f3 Rh6+ 33.Kg2 Rxh1
34.Kxh1 c5 35.Kg1 d4 36.Kf1 Be3 37.Ke1 Kd6 38.Rh2 h6 39.Rh5 b6 40.Ke2 Bg5 
41.Kd3 Ke5 42.Rh1 a6 43.f4+ Bxf4 44.Re1+ Be3 45.Rf1 f6 46.Rf5+ Ke6 47.a5 
c4+ 48.Kxc4 b5+ 49.Kd3 Bg1 50.Rh5 Be3 51.Rf5 Bc1 52.Kc2 Be3 53.Kd3 Ke7 54.
Rc5 Kd6 55.Rf5 Ke6 56.Rc5 Kd6 57.Rf5 Bc1 58.Rxf6+ Kc5 59.Rxa6 Kb4 60.Kxd4 
Bxb2+ 61.Kd3 Bc1 62.Kc2 Bg5 63.Ra8 Kc5 64.Kb3 b4 65.Rc8+ Kb5 66.Ra8 Bd2 
67.Rd8 Bc3 68.Rd5+ Kc6 69.Rf5 Kb7 70.Ka4 Bd2 71.Rd5 Be1 72.Rb5+ Ka7 73.
Rxb4 Bd2 74.Rb6 Be3 75.Re6 Bg5 76.Kb5 Bf4 77.Re7+ Kb8 78.Kc6 Bg5 79.Rb7+ 
Ka8 80.a6 Bf4 81.Re7 Bg5 82.Rc7 Bh4 83.Kb6 Bd8 84.Kc6 Bg5 85.Rh7 Bf4 86.
Kd5 Bg5 87.Ke6 Bc1 88.Kf5 Bd2 89.Kg6 Be3 90.Rxh6 Ka7 91.Kg7 Bf4 92.Re6 Bd2
93.Kg6 Bc3 94.g5 Bd4 95.Kf7 Kb8 96.g6 Kc7 97.g7 Bxg7 98.Kxg7 Kb8 99.Kf6 
Ka7 100.Ke5 Kb8 101.Kd5 Ka7 102.Kc5 Kb8 103.Kb6 Kc8 104.a7 Kd7 105.Re4 Kd6
106.a8=Q Kd7 107.Qe8+ Kd6 108.Qe6# 1-0